| 000 | 01768nam0a2200373 4500 | ||
|---|---|---|---|
| 001 | RU\NLR\bibl\473639 | ||
| 005 | 20260406070125.0 | ||
| 010 |
_a5-94763-028-1 _97000 |
||
| 021 |
_aRU _b2003-63752 _93129 |
||
| 035 | _a(NLR Aleph) 000466725 | ||
| 090 |
_a967984 _c967984 |
||
| 100 | _a20031218d2003 |||y0rusy50 ca | ||
| 101 | 0 |
_arus _ager _eger |
|
| 102 | _aRU | ||
| 105 | _aa ||||||||| | ||
| 200 | 1 |
_aМозаика _dMosaik _eDeutsch _eУчеб. нем. яз. для 4 кл. шк. с углубл. изуч. нем. яз. _fН.Д. Гальскова, И.В. Жукова, Л.В. Миронова _zger |
|
| 210 |
_aМ. _cМАРТ _d2003 |
||
| 215 |
_a119 с. _cцв. ил. _d27 |
||
| 300 | _aНа обл.: Mosaik: Deutsch: Lehrbuch IV | ||
| 300 | _aНа обороте тит. л. загл.: Мозаика IV | ||
| 300 | _aНа обл. авт. не указаны | ||
| 320 | _aБиблиогр. в конце кн. | ||
| 512 | 1 |
_aMosaik _eDeutsch _eLehrbuch. IV |
|
| 517 | 1 | _aМозаика IV | |
| 606 | 0 |
_aНемецкий язык _jУчебные издания для начальной школы _91063964 _3RU\NLR\auth\66413315 |
|
| 686 | _aШ143.24-93рус221[4] | ||
| 700 | 1 |
_4070 _7ca _8rus _aГальскова _bН. Д. _cд-р пед. наук _gНаталья Дмитриевна _99304 _3RU\NLR\AUTH\7726260 |
|
| 701 | 1 |
_4070 _7ca _8rus _aЖукова _bИ. В. _cпедагог-методист, нем. яз. _gИрина Владимировна _914800 _3RU\NLR\auth\7731790 |
|
| 701 | 1 |
_4070 _7ca _8rus _aМиронова _bЛ. В. _gЛюбовь Валентиновна _914801 _3RU\NLR\auth\7731791 |
|
| 801 | 0 |
_aRU _bNLR _c20031017 _gPSBO |
|
| 801 | 1 |
_aRU _bNLR _c20031017 |
|
| 942 | _cBOOK | ||
| 980 | _aNB | ||